SCIENCE POLITIQUE L1 - Statistiques

Statistiques générales
  • Ce quiz a été pris 158 fois
    146 depuis la dernière actualisation
  • Le résultat moyen est 16 sur 180
Statistiques - réponses
Hint Réponse % Correct
Avant le suffrage universel , on avait le suffrage censitaire
78%
Plusieurs catégories étaient exclus du vote, c'est le cas des juifs,des illetrés, ou encore et surtout les femmes
65%
Citez 1 des 3 types de legitimité du pouvoir selon Max Weber traditionelle/ charismatique / légal-rationelle
63%
La science politique s'inscrit dans la _____________ (science humaine) sociologie
60%
notion qui dit que le système politique démocratique tend à se caracteriser par une opposition d'élites concurentielles Polyarchie
53%
Citer un des pères fondateurs de la science politique Raymond Aron / Tocqueville / Max Weber
53%
un modèle discontinu avec des retours en arrière. C'est le modèle français
48%
La politisation s'est elle fait uniquement dans les villes au début(1) ou il y avait dès le XIXème siècle une politisation des villages (2) 2
45%
Weber compare la politique à un ______, s'inspirant de l'économie marché
45%
Quel auteur remet en cause le lien entre la politique et le pouvoir ? Pierre Clastres
45%
Quel politiste croit à un grand mouvement de l'Histoire entrainant l'élargissement inéluctable du droit de vote, s'inspirant notamment des US Alexis de Tocqueville
38%
Stein ROkhan définit 2 modèle de trajectoire un modèle progressif et continu, le modèle _______ britannique
38%
L'une des 3 limites que la science politique n'est pas une science comme les autres est que les lois des sciences sociales sont avant tout des « lois _________ », elles ne sont pas universelles. probabilistes
33%
Quand la discipline de la science politiques va elle se structurer Après-guerre / 1920 / 19920- 1930
30%
Il prend l'exemple des indiens guyakis
30%
Le vote a une influence sur les révolutions et la violence. Il permet la _______ de la vie politique française pacification
30%
type de vote d'allégeance, les élites d'une communauté disent de voter pour telle candidats vote communautaire
30%
pratique au RU où on sonne chez les gens pour qu'ils adhèrent canvassing
28%
Le vote .
25%
Première cabine d'isolement france 1913
25%
Aux UK, les revendications féministes sont dites différentialistes
25%
CIter l'un des 3 processus de démocratisation Universalisation/ egalisation / privatisation
25%
Aujourd'hui on constate une ______ exponentielle des violences politiques augmentation
23%
Sinon il s'agit souvent d'une ligue
23%
Au début de quelle décennie observe on une chute importante de la participation éléctoale 80 / années 80 / 1980
20%
Plus la pratique religieuse est faible, plus on vote à gauche
20%
Traditionnellement, les indépendants ont voté à droite
18%
Souvent, les personnes issus de la France péri-urbaine choisi vote à gauche
18%
Les partis .
15%
Peut-on qualifier la Russie de Poutine comme totalitaire ? Non
15%
Pourcentage d'ouvriers participant aux élections 50%
13%
Pourcenatge de personne ayat déja participé à une manif 50%
13%
En France ces dernières années le recours aux LBD n'a cessé d'_______ augmenter/ j'avais pas d'inspi
13%
Traditionellement et historiquement, les catholiques ont voté la droite modéré
13%
Selon le modèle de Michigan, l'acteur qui transmet le vote politique est la _______ famille
13%
Quelle théorie dit que les clivage se perpétuent dans le temps gel des clivages
13%
Le modèle de S. Lipset et S. Rokkan distingue 8 familles politique et 2 grandes révolution. Citer ces 2 là (écrire : " Révolution______ et Révolution _________" Révolution Nationale et Révolution Industrielle / Révolution Nationale et Révolution agro-Industrielle
13%
Taux d'engagement en France (adhésion aux partis) 1%
10%
Les dernières tendances des sondages ne sont effectives que ____ mois avant les élections 2/ deux
10%
Modèle de Paul Lazarsfed qui dit qu'ene personne pense politiquement comme elle est socialement Modèle de Columbia / Columbia
10%
Quelle modèle n'est particulièrement pas véridique en France ? Modèle de Michigan
10%
Le terrorisme est il défini Oui
10%
Le troisème modèle est celui dit relationnel
10%
ON parle aussi d'autres clivages tels que le clivage secteur public vs secteur privé / ethnique / territorial
10%
Citer l'un des 4 clivages (utiliser vs et non /) Urbain vs Rural / Centre vs périphérie / Eglise vs État / Propriété vs Travail
10%
Dans la logique aristotienne, la version dérivée de la Politeïa est la Démocratie
8%
Un régime autoritaire peut respecter voire encourager les libertés _____ économiques
8%
sinon il s'agit de groupes parlementaires
8%
Institut de sondage français IFOP
8%
compléter la citation de Gambetta : Léon Gambetta : le paysan est maitre en sa cabane,_________ il doit être maitre dans sa commune
8%
On peut donc en dégager 4 types de violences politiques selon ses 2 critères. par exemple, une violence organisée de haut niveau désigne le terrorisme
8%
parle au départ de totalitarisme ? Mussolini
8%
Y a il une definition essentielle de l'opinion public ? Non
8%
Le second, né d'un regroupement d'associations, syndicats, groupes déja existants Parti de création extérieur
8%
Maurice Duverger distingue 2 types de partis. Le premier, né d'un regroupement de personnes aux intérêts et opinion connexes Parti de création interne
8%
Plus que le revenu, c'est le ___________ qui est un plus grand déterminant du vote dans la sphère économique patrimoine
8%
Dans les 3 types de régime d'Aristote, il y a la monarchie, l'aristocratie et la Politeïa
8%
Élection présidentielle américaine qui vote la naissance des "straw vote". Date 1936
5%
Au départ, les électeurs macronistes se situent au centre
5%
Ces dernières concernent majoritairement des atteintes aux biens
5%
Ensuite, pendant les années 60 on assiste à l'avènement du "_________ catch-all party
5%
Slon Daniel Gaxie, s'intéresser au politique nécessite d'avoir de la _______ compétence
5%
Quelles élections sont les plus remportés par le parti écologique européennes
5%
Homme derrière l'un des plus vieux institut de sondage, américain Gallup
5%
Exemple de violence identitaire génocide du rwanda/ ETA / Suprémacistes blancs / black blocks
5%
Un exemple européen Hongrie
5%
Un exemple de pays ? Hongrie/ Espagne/ Pologne
5%
Quel terme désigne les groupes d'intérêts ouverts à tous, défendant des valeurs générales sans critère d'appartenance catégorielle ? (≠ corporatifs inclusifs/ porteurs de cause
5%
Il y a 4 modes de transitions caracterisée par les variables masse, élite, multilatérale et unilatérale. Celle unissant multilatérale et élite est Le Pacte
5%
Quotidien très présent qui va faire des sondages sur la peine de mort Le petit parisien
5%
Selon Paul Lazarsfed, les campagnes éléctorales ont des effets limités
5%
Qui distinguent 3 modèles tendancielles dans son livre les partis Maurice Duverger
5%
En 2012 ou en 2017 en France, il s'agissait d'un vote dit _______, (voter "contre" plutôt que "pour) négatif
5%
Mancur Olson : en matière d'engagement politique si un individu fait un bilan coût avnatage il a plus avantage à ne pas s'engager
5%
4 critères de LaPombara et Weiner 1 : __________ (survie à son leader-créateur) Organisation durable
5%
Mais le plus importants demeure les (abréviations) PCS
5%
Qui a dit "l'opinion public n'existe pas" Pierre Bourdieu
5%
Il y a 3 thèses sur le développement de l'Islam. Première explication de Gilles Keppel , c'est à cause de la radicalisation de l'Islam
5%
Nouvelles révolution engrangeant des clivages contemporains Révolution post-matérialiste
5%
Le 1 er mai est une manifestation _______ routinière
5%
Pour les adeptes de la théorie critique c'est la ____ et non les sondages qui ferait le signe d'un opinion public rue
5%
Quel type de vote mène à une alternance au gouvernement entre 2 partis politiques (dualsme) scrutin majoritaire à 1 tour / majoritaire à 1 tour
5%
Si le vote ouvriers n'est plus autant marqué à gauche qu'avant, c'est en grande partie dû à la disparition du sentiment d'appartenance
5%
La participation électorale .
3%
L'orientation du vote .
3%
Influence et décision politique .
3%
L'engagement politique .
3%
VIOLENCE POLITIQUE .
3%
TYPOLOGIE DE RÉGIME .
3%
L'Opinion public .
3%
Les Nouveaux mouvements politiques .
3%
Ces partis s'appuient notamment sur leurs liens à l'État, notamment grâce à la loi des finacement public. Date : 1988
3%
Combiens d'élécteurs en France ? 49,5 millions
3%
Les mouvements de droite extrême sont apparus au début des années 80
3%
Professionnalisation extrême de la campgne électorale apparait surtout à partir des années 90
3%
Le régime de Salazar est un exemple de régime à parti unique
3%
Le totalitarisme mène à une ________ des masses atomisation
3%
MAis cela demeure un cliché / mythe
3%
exemple de parti nouvellement créé reprenant le clivage traditionnel dû à la ruralité CNPT / mouvement de la ruralité
3%
Quelles élections sont les moins mobilisatrices ? collectivités territoriales
3%
Caractéristiques : absence ________ électorale d'alternance
3%
Pour Raymond Aron, il. a 3 types de régimes, autoritaire, totalitaire et les démocraties pluralistes constitutionnels
3%
De l'après-guerre aux années 70, on parle d'un vote _____ de recensement
3%
2 :____________ (entre le niveau local et national) Dotée de ramification
3%
"L'extrême gauche" était un groupe parlementaire dirigé par George Clémenceau
3%
Quelle philosophe a conceptualisé le totalitarisme ? Hannah Harendt
3%
Zakaria parle d'un courant illibéral
3%
Critère premier d'un régime autoritaire Impossibilité de remettre en cause le pouvoir / Absence de responsabilité politique / la compétition politique échappe à la volonté formelle des gouvernés
3%
Exemple de ces nouveaux clivages Industraliste vs écologiste / Libertaire vs Autoritaire
3%
Dans son livre de Xavier Crettiez, la violence politique est qualifié selon 3 dimensions : la violence "______ - ______ - _______ instrumentale-passionnelle-identitaire
3%
Quelle est le groupe de pays en Europe qui mobilise le moins d'électeurs lanternes rouges
3%
Un exemple en Europe ? La révolution des oeillets
3%
Quel effet désigne le ralliement des électeurs vers le candidat annoncé vainqueur par les sondages ? L'effet bandwagon
3%
C'est tout particulièrement le as des életeurs classé à l'extrême droite
3%
Avec notamment une grande place du _________ politique et économique libéralisme
3%
À l'inverse la France serait plus portée dans la tradition rousseauiste par l'intérêt générale
3%
Quelle loi française de 2016 a instauré un registre obligatoire des représentants d'intérêts loi Sapin 2
3%
Le totalitarisme prône _______ radicale de la société l'unification
3%
En France on a le scrutin : majoritaire à 2 tours
3%
Problème majeur du phénomène abstentionniste mal-insccription
3%
Deuxième critique : tout les opinions ne se valent pas
3%
SI il n'y a que la première, comme à Moscou en 1921 on peut parler de parenthèse
3%
Quelles sont les 2 types de partis avant la PGM ? 1 : parti souple, composé d'élite, réseau Parti de cadre
3%
Le deuxième ? Parti de masse
3%
On assiste aussi à une ________ du pouvoir personnification
3%
Les sondages peuvent agir comme une élection primaire
3%
IL y a deux types d'abstentions , les subis et les _____ protestataires volontaires / volontaires et protestaires
3%
Le totalitarisme ne pose pas de différentre entre le public et le privé
3%
Lorsqu'il y a unilatérale et élite on parle de putsch / democratie octroye
3%
Parti européen des progressisstes/ MAcron Renew Europe
3%
Qui a dit "je suis le peuple lui même Robespierre
3%
Nom de la méthode où on suit un mêe échantillon le sondage _______ rolling
3%
Plus qu'un régime, un totalitarisme est un système
3%
remobilisation en faveur du candidat donné perdant, par solidarité identitaire, grâce au sondage, l'effet dit underdog
3%
Néamojns il existe une ________ où c'est ni un régime démocratie ni autoritaire ni en transition zone grise / régime hybride
3%
Pour lui, l'opinion publiue fait par les sondages serait un artefact
0%
La tendance actuelle tend à orienter le macronisme au centre droit
0%
Le Parti Catalan ou le parti écossais sont des exemple de l'importance des bastions politiques locaux / bastions politiques
0%
La interactions avec police/forces de l'ordre a un rôle das la propagation des violences politiques exemple en France les fameux blacks blocs
0%
Critère de l'illibéralisme : choix de certaines libertés / hierarchie des liberté
0%
Dans ces régimes il y a le SU et la responsabilité du gouvernement. Ce qui les distinguent des démocraties est une compétition politique inégale
0%
Et lorsqu'un changement d'opinion entraîne un changement de politique, c'est le concept de congruence
0%
La definition d'Henri Weber d'un parti politique : une association d’élus entourés _______ d’aspirants à l’élection
0%
Les monarchistes et contre-révolutionnaires n'ont été classé à l'extrême droite qu'à partir de la fin du XIXème siècle
0%
Et l'autre est du point de vue économique
0%
Quelles sont les 2 fonctions des parti politiques ? Citer l'une des 2 fonction de médiation / fonction de conquête électorale
0%
Quels sont les 2 critères de Donatella pour repertorier les types de violences politiques forme organisée - degré d'intensité
0%
Ces nouveaux clivages sont aussi dû à la géopolitique
0%
Un clivage qui divise ces droites extrêmes et le clivage lié à la ________ géopolitique
0%
Parti Allemand écologique grünen
0%
4 types de manifestation : ______ - ________ - ________ - _______ initiatrice-crise-routinière-soutien / initiatrice-crise-routinière-réactive
0%
Qui parle d'un gouvernement d'opinion public ? James Bryce
0%
Le djiadhisme est composé majoritairement de jeunes hommes
0%
Quel concept désigne la relation entre l'opinion majoritaire sur un enjeu et l'orientation de l'action publique sur ce même enjeu ? La consistance
0%
La radicalité porte sur la doctrine/le programme
0%
Quelle méthode pour les sondages est la plus efficace la méthode par quaota
0%
Selon ce même auteur, l'opinion public serait fabriqué par la presse
0%
Ce qui peut fausser les sondages, éleceurs qui ne veut pas donner son réel opinion l'Électeur caché
0%
Definition de l'espace public selon Jurgen Habermas le lieux où des personnes privées font un usage public de leur raison)
0%
L'extremisme porte sur les actes/ La façon d'agir
0%
Deuxième critère : la force électorale > l'Etat de Droit
0%
Quelles sont les 3 "séquences" successives de la transition (à séparer entre tirets) ? Libéralisation-percée démocratique-consolidation
0%
Les écolos de gauche sont issus du courant libertaire
0%
Enfin certains voient le terrorisme comme une réponse à " l'impérialisme occidental
0%
Quel processus désigne le fait qu'un groupe protestataire acquiert un statut d'interlocuteur légitime auprès des gouvernants à la suite de sa mobilisation ? L'institutionnalisation
0%
90% des morts de violences politiques sont dû à l'Islamisme radicale/ djiadhisme
0%
Cas de manifestion organisées par le pouvoir politique en 2015 Marche républicaine
0%
POur justifier les violences, l'idéologie et les valeurs sont utilisés c'est le cas avec l'ETA en Espagne avec l'idéologie marxiste
0%
Pour une révolution, il faut les 2 variables Masse et Unilatérale
0%
Historiquement, le macronisme est proche du Parti _______ modéré
0%
Et aujourd'hui on assiste au développement du parti de cartel
0%
Quel modèle théorique américain conçoit la décision publique comme la résultante de l'opposition entre une multitude d'intérêts concurrents ? pluralistes
0%
Deuxième d'Olivier Roi, la thèse de la quête d'identité par la radicalité
0%
Il souligne l'importance des ___ sans réponse
0%
Pour renverser un régime il peut y avoir 3 facteur (compléter chaque mot puis un tiret) le développement d'une _____ ____ , le _____ _______ et l'impact du __________ société civile-contexte international-facteur économique
0%
Selon ce modèle, un scrutin proportionnel mène à une multitude partis / un système de partis multiples
0%
La globalisation/mondialisation a engendré un clivage universaliste vs anti universaliste
0%
la tradition de la communauté nationale > valeurs individuelles
0%
Citer l'un des 2 autres vise le soutien populaire par les élections / qui a pour objectif la conquête et l’exercice du pouvoir
0%
La manifestation au sens contemporain nait véritable qu'à partir du milieu du _____ siècle XVIII
0%
Aucun quiz correspondant
Distribution des résultats
% des personnes avec chaque résultat
Percentile par nombre de réponses
Votre historique - résultats
Vous n’avez pas pris ce quiz depuis la dernière actualisation